Подробности
| 000 -МАРКЕР |
| контрольное поле |
02019nam2a2200301 4500 |
| 001 - ИДЕНТИФИКАТОР ЗАПИСИ |
| контрольное поле |
RU\NLR\BIBL_A\012700417 |
| 005 - ИДЕНТИФИКАТОР ВЕРСИИ |
| контрольное поле |
20260406154047.0 |
| 010 ## - МЕЖДУНАРОДНЫЙ СТАНДАРТНЫЙ НОМЕР КНИГИ (ISBN) |
| Номер (ISBN) |
978-5-4396-2283-2 |
| Уточнения |
т. 6 |
| Тираж |
3000 |
| 021 ## - НОМЕР ГОСУДАРСТВЕННОЙ РЕГИСТРАЦИИ |
| Код страны |
российская федерация |
| Номер |
2021-69508 |
| Номер Листа государственной регистраци |
КН-П-5507 |
| 035 ## - ДРУГИЕ СИСТЕМНЫЕ НОМЕРА |
| Идентификатор записи |
(NLR Aleph) 012700417 |
| 100 ## - ДАННЫЕ ОБЩЕЙ ОБРАБОТКИ |
| Данные общей обработки |
20220203d2021 |||y0rusy50 ca |
| 101 0# - ЯЗЫК РЕСУРСА |
| Язык текста, звукозаписи и т.д. |
русский |
| 102 ## - СТРАНА ПУБЛИКАЦИИ ИЛИ ПРОИЗВОДСТВА |
| Страна публикации |
российская федерация |
| 105 ## - ПОЛЕ КОДИРОВАННЫХ ДАННЫХ: ТЕКСТОВЫЕ МАТЕРИАЛЫ, МОНОГРАФИЧЕСКИЕ |
| Кодированные данные о монографическом текстовом документе |
a|||z|||000zy |
| 200 1# - ЗАГЛАВИЕ И СВЕДЕНИЯ ОБ ОТВЕТСТВЕННОСТИ |
| Основное заглавие |
Назначение наказания |
| Первые сведения об ответственности |
Голикова А. В. - кандидат юридических наук, доцент, Лопашенко Н. А. - доктор юридических наук, профессор, Степашин В. М. - доктор юридических наук, профессор [и др.] |
| 210 ## - ПУБЛИКАЦИЯ, РАСПРОСТРАНЕНИЕ И ДР. |
| Дата издания, распространения и т.д. |
2021 |
| Место издания, распространения и т.д. |
Б. м. |
| 215 ## - ФИЗИЧЕСКАЯ ХАРАКТЕРИСТИКА |
| Специфическое обозначение материала и объем |
734, [1] с. |
| Другие сведения о физической характеристике |
ил. |
| 300 ## - ОБЩИЕ ПРИМЕЧАНИЯ |
| Текст примечания |
Авт. указаны на обороте тит. с. |
| 320 ## - ПРИМЕЧАНИЯ О НАЛИЧИИ В ДОКУМЕНТЕ БИБЛИОГРАФИИ / УКАЗАТЕЛЯ |
| Текст примечания |
Библиогр.: с. 658-688, в подстроч. примеч. и в тексте |
| 461 #0 - УРОВЕНЬ НАБОРА |
| Встроенное поле |
001RU\NLR\BIBL_A\012408119 |
| -- |
2001#$aУголовное право. Общая часть. Наказание. Академический курс$eв 10 томах$fпод редакцией доктора юридических наук, профессора Н.А. Лопашенко$vТ. 6 |
| Системный номер (АБИС) связанной записи |
11761386 |
| Место публикации |
Москва |
| Дата публикации |
2020 |
| Первые сведения об ответственности |
под редакцией доктора юридических наук, профессора Н.А. Лопашенко |
| Имя издателя, распространителя и т.д. |
Юрлитинформ |
| Сведения, относящиеся к заглавию |
в 10 томах |
| Заглавие |
Уголовное право. Общая часть. Наказание. Академический курс |
| ISBN |
9785439619931 |
| Номер тома |
Т. 6 |
| 701 #1 - ИМЯ ЛИЦА - АЛЬТЕРНАТИВНАЯ ОТВЕТСТВЕННОСТЬ |
| Начальный элемент ввода |
Голикова |
| Часть имени, кроме начального элемента ввода |
А. В. |
| Расширение инициалов личного имени |
Арина Владимировна |
| 701 #1 - ИМЯ ЛИЦА - АЛЬТЕРНАТИВНАЯ ОТВЕТСТВЕННОСТЬ |
| Материалы, к которым относится поле |
rus |
| Графика поля |
Кириллица |
| Начальный элемент ввода |
Лопашенко |
| Часть имени, кроме начального элемента ввода |
Н. А. |
| Даты |
1959- |
| Расширение инициалов личного имени |
Наталья Александровна |
| Идентификатор авторитетной/нормативной записи |
RU\NLR\AUTH\776770 |
| Системный номер авторитетной/нормативной записи |
116718 |
| 701 #1 - ИМЯ ЛИЦА - АЛЬТЕРНАТИВНАЯ ОТВЕТСТВЕННОСТЬ |
| Начальный элемент ввода |
Степашин |
| Часть имени, кроме начального элемента ввода |
В. М. |
| Расширение инициалов личного имени |
Виталий Михайлович |
| 942 ## - ДОПОЛНИТЕЛЬНЫЕ ЭЛЕМЕНТЫ ЗАПИСИ (АБИС) |
| Тип экземпляра АБИС |
Книга |
| 980 ## - КОЛЛЕКЦИЯ |
| Название коллекции |
Национальная библиография |